| 000 | 00846nam a22002657a 4500 | ||
|---|---|---|---|
| 003 | OSt | ||
| 005 | 20260423080759.0 | ||
| 008 | 260423b |||||||| |||| 00| 0 eng d | ||
| 020 | _a9966472487 | ||
| 040 | _cPHOENIX PUBLISHERS. | ||
| 041 |
_aswa _heng |
||
| 050 |
_aPL 8704 _b.K39 1988 |
||
| 100 |
_aOrwell, George, _d1903-1950. |
||
| 240 |
_aAnimal farm. _lSwahili. |
||
| 245 |
_aShamba la wanyama : _bmasimulizi ya George Orwell / _ckimefasiriwa na Fortunatus Kawegere. |
||
| 250 | _asecond edition | ||
| 260 |
_aNairobi : _bPhoenix Publishers , _c2004. |
||
| 300 |
_a117 p. ; _c19 cm. |
||
| 500 | _aTranslation of: Animal farm. | ||
| 650 |
_aPolitical fiction, English _vTranslations into Swahili. |
||
| 650 |
_aSwine _vFiction. |
||
| 650 |
_aTotalitarianism _vFiction |
||
| 700 | _aKawegere, Fortunatus. | ||
| 942 |
_2lcc _cBK _e2nd ed. _n0 |
||
| 999 |
_c10099 _d10099 |
||